Droit naturel
Gardado en:
| Autor Principal: | |
|---|---|
| Formato: | Libro |
| Idioma: | francés |
| Publicado: |
Bruselas
Albert Dewit
1904
|
| Edición: | 1a. ed |
| Series: | Cours de Philosophie
|
| Subjects: | |
| Tags: |
Engadir etiqueta
Sen Etiquetas, Sexa o primeiro en etiquetar este rexistro!
|
MARC
| LEADER | 00000cam a2200000 a 4500 | ||
|---|---|---|---|
| 001 | UCD2689 | ||
| 003 | CL-VaPUC | ||
| 008 | 160505e19040000be |||||||||||||||||fre|d | ||
| 082 | 0 | 4 | |a 171.2 |b CAS |2 21 |
| 100 | 0 | |a Castelein, A |e author |9 586045 | |
| 245 | 1 | 0 | |a Droit naturel |
| 250 | |a 1a. ed | ||
| 300 | |a 965 p | ||
| 942 | |c BK | ||
| 945 | |d 20160505 16:04:00 |a dcastane | ||
| 260 | |a Bruselas |b Albert Dewit |c 1904 | ||
| 650 | 0 | |a Derecho natural |9 255041 | |
| 583 | |a last modification |c 20160505 16:04:00 |k Rodrigo Vera | ||
| 490 | 0 | |a Cours de Philosophie | |
| 999 | |c 363811 |d 363809 | ||
| 952 | |0 0 |1 0 |3 erd |4 0 |6 171_200000000000000_CAS_1904 |7 0 |8 X |9 476575 |a BIBTEO |b BIBTEO |c TEO_FFR |i 5230551 |o 171.2 CAS 1904 |p 5230551 |r 2024-01-18 |w 2019-11-24 |y BK_X |z Catalogado en:20160505 |k OFM | ||